000
00255nam a2200097Ia 4500
001
1121542
005
20250827004645.0
008
250824s9999 xx 000 0 und d
245
0
_a
OSMANLIDA HOCA NÜFUZU
_c
AHMET REFİK ALTINAY
260
_b
PANAMA YAYINLARI
999
_c
1121542
_d
1121542